[Лили]; Мы - математики

Detalles Bibliográficos
Parent link:Мы - математики.— 2005.— С. 9-10
Autor Principal: Кан В. И.
Idioma:ruso
Publicado: 2005
Subjects:
Formato: Capítulo de libro
KOHA link:https://koha.lib.tpu.ru/cgi-bin/koha/opac-detail.pl?biblionumber=191689

MARC

LEADER 00000naa2a2200000 4500
001 191689
005 20231031180800.0
035 |a (RuTPU)RU\TPU\book\209035 
090 |a 191689 
100 |a 20110209d2005 k y0rusy50 ca 
101 0 |a rus 
102 |a RU 
200 1 |a [Лили]  |f В. И. Кан 
463 0 |0 (RuTPU)RU\TPU\book\86617  |t Мы - математики  |o альманах  |f Томский политехнический университет. Кафедра высшей матемстики  |v С. 9-10  |d 2005  |p 106 с. 
600 0 |a Кан Ен Хи 
610 1 |a высшая математика 
610 1 |a кафедры 
610 1 |a математики 
610 1 |a нравственные ценности 
610 1 |a личностные качества 
610 1 |a труды учёных ТПУ 
700 1 |a Кан  |b В. И. 
801 1 |a RU  |b 63413507  |c 20110209 
942 |c BK